Statistics for Fancy Vocabulary #6

Click here to take the quiz!

General Stats

  • This quiz has been taken 5,286 times
  • The average score is 10 of 20

Answer Stats

DefinitionAnswer% Correct
Engaged to be marriedBet{rothed}
83%
Wealthy, luxuriantOp{ulent}
79%
Angry rant, outburstTi{rade}
74%
Lacking awarenessObl{ivious}
73%
Casually indifferentNonc{halant}
67%
Oxen's harnessY{oke}
67%
Wine expertSom{melier}
64%
The art of discourseRh{etoric}
63%
Riddle, puzzleEn{igma}
59%
Lying face upwardsSu{pine}
59%
One-eighth of a mileFu{rlong}
52%
Encourage, urge stronglyExh{ort}
45%
Excessively fatCor{pulent}
42%
Skip or leap playfullyGam{bol}
37%
SleepwalkerSom{nambulist}
35%
Timid or meek personMilq{uetoast}
34%
To threaten, endangerImp{eril}
31%
Abandonment of religious faithApo{stasy}
27%
Dull, uninterestingJe{june}
12%
Glowing with lightLam{bent}
10%

Score Distribution

Percentile by Number Answered

Percent of People with Each Score

Your Score History

You have not taken this quiz